01453 2200253 4500001002100000005001500021035002000036001002100056005001500077035002000092035002000112245005200132100001900184250001700203300002400220700002000244700001800264260003600282082001300318084001900331020002200350650001300372520081400385INLIS00000000000030020240602105124 a0010-0624000009INLIS00000000000014020240508085928 a0010-0524000166 a0010-05240000621 aMengenal Serba-Serbi Koperasi /cTim Kreatif SG0 aTim Kreatif SG acetakan ke-1 avi, 31 hlm ;c21 cm0 aWini Kristianti0 aDhesy Adhalia aJakarta :bSinar Grafika,c2008 a334.0598 a334.0598 TIM m a978-979-007-172-8 4aKoperasi aKoperasi diperkenalkan di Indonesia oleh R. Aria Wiriat-madja di Purwokerto, Jawa Tengah pada tahun 1896. Dia mendirikan koperasi kredit dengan tujuan membantu rakyatnya yang terjerat hutang dengan rentenir. Pada tahun 1960, pemerintah mengeluarkan Peraturan Pemerintah No. 140 tentang Penyaluran Bahan Pokok dan menugaskan koperasi sebagai pelaksananya. Kemudian pada tahun 1961, diselenggarakan Musawarah Nasional Koperasi I (Munaskop 1) di Surabaya. Sejak saat itu langkah-langkah koperasi mulai tampak. Dalam buku ini ditampilkan perjalanan koperasi mulai dari awal terbentuknya koperasi sampai pada perkem-bangannya sekarang ini. Hal ini meliputi sejarah dan pengertian koperasi, prinsip, fungsi dan penggolongan koperasi, tata cara pendirian dan perangkat koperasi, sumber modal dan pembagian SHU.